| 000 | 00441nam a2200157Ia 4500 | ||
|---|---|---|---|
| 008 | 210716s1976 xx 000 0 und d | ||
| 020 | _a0814454089 | ||
| 041 | _aeng | ||
| 082 | _a658.404 MARE | ||
| 100 | _aMartin, Charles C. | ||
| 245 |
_aProject management: how to make it work. _bHow to make it work. |
||
| 250 | _a1 | ||
| 260 |
_aNew York _bAmerican Management Association _c1976 |
||
| 300 | _avi,312 | ||
| 650 | _aProject Management | ||
| 999 |
_c202457 _d202457 |
||